| 000 | 00586nam a22001817a 4500 | ||
|---|---|---|---|
| 003 | UA-OsUOA | ||
| 001 | 15201 | ||
| 007 | ta | ||
| 008 | 20031102b un ||||| |||| 00| 0 ukr d | ||
| 100 | _aРоманкевич М. | ||
| 942 | _cSA | ||
| 040 |
_aUA-OsUOA _cUA-OsUOA _dUA-OsUOA |
||
| 245 |
_aПерша-вперше _b[Про виступ юних рівнен. дзюдоїсток на чемпіонаті Європи серед кадетів ] |
||
| 300 | _aС.15 | ||
| 955 | _a0 | ||
| 773 | 0 |
_w0 _tСім днів _dРівне _d2003 _g№36/5 верес./ |
|
| 650 | 7 |
_aДзюдо _2UDC |
|
| 999 |
_c301366 _d301366 |
||